Copenhague - Choix multiples - Statistiques

Statistiques générales
  • Ce quiz a été pris 3 486 fois
  • Le résultat moyen est 5 sur 10
Statistiques - réponses
Question Réponse % Correct
Que représente la statue la plus connue de la ville ? Une sirène
93%
Quel est le nom de Copenhague en danois ? København
75%
Quelle bière vient de Copenhague ? Carlsberg
71%
A quelle ville Copenhague est-elle reliée par un pont ? Malmö
67%
Qu'est-ce que "Christiania" ? Un quartier autonome hippie
50%
Quelle est la traduction de Copenhague en français ? Le port des commerçants
44%
Quel est le nom du parc d'attraction de Copenhague qui a ouvert en 1843 ? Jardins de Tivoli
41%
Laquelle de ces images ne peut-on PAS retrouver à Copenhague ?
38%
Sur quelle île Copenhague est-elle située ? Seeland
31%
Quel est le nom du palais de la résidence officielle de la famille royale ? Amalienborg
17%
Aucun quiz correspondant
Distribution des résultats
% des personnes avec chaque résultat
Percentile par nombre de réponses
Votre historique - résultats
Vous n’avez pas pris ce quiz